| 000 | 00821nam a22001815i 4500 | ||
|---|---|---|---|
| 001 | 162200 | ||
| 003 | ES-MaACL | ||
| 005 | 20230906212442.0 | ||
| 008 | 041103s1878 sp |||| | spa d | ||
| 040 |
_aCAM _bspa _cCAM |
||
| 100 | 1 |
_aPiquet, Alfonso. _9131180 |
|
| 245 | 1 | 0 |
_aÉtude sur le lavage au round buddle des boues provenant des galénes argentiféres / _cpar Alphonse Piquet. |
| 260 |
_aMadrid : _b[s.n.], _c1878 ( _fImp. y Fund. de la viuda é hijos de J. A. García) |
||
| 300 |
_a7 p.; [1] h. de lám. ; _c23 cm. |
||
| 594 | _aPrecede al tít: Exposition Universelle de Paris de 1878. | ||
| 711 | 2 |
_aExposition Universelle ( _d1878. _cParis) _9135143 |
|
| 852 |
_aES-MaACL _jT-903-F-2 _z-- Enc. hol. _z-- Legado de Federico de Botella y de Hornos _q-- Falto de la cub. original _z-- Enc. en un vol. facticio |
||
| 999 |
_c162200 _d162200 |
||